000 00674nam a22002177a 4500
005 20170124105954.0
010 _a569541
020 _c00.00
035 _a569541
037 _bCen Lib/Ret
040 _aDPL
_bEN
082 _a333.72
_bUSE
245 _aUse and conservation of the biosphere /
_cby UNESCO
246 _b
260 _bUNESCO
_aParis
_c1970
270 _aTe United Nations Educational, Scientific and Cultural Organisation
_bParis
_e7e
300 _a272p.
_c24cm(Hb)
650 _a Conservation of natural resources.
_914273
650 _aConservation of natural resources -- Congresses.
_914274
942 _2ddc
_cEN
_h333.72
_mUSE
999 _c125412
_d125412